Aspects of the kinetics and dynamics of surface reactions (La Jolla Institute-1979) /
Guardado en:
| Autor Corporativo: | |
|---|---|
| Otros Autores: | |
| Formato: | Libro |
| Idioma: | English |
| Publicado: |
New York :
American Institute of Physics,
1980.
|
| Series: | AIP conference proceedings ;
no. 61 |
| Materias: | |
| Etiquetas: |
Agregar Etiqueta
Sin Etiquetas, Sea el primero en etiquetar este registro!
|
| LEADER | 01103nam a22002775a 4500 | ||
|---|---|---|---|
| 001 | EIQ.libpla000610 | ||
| 008 | 820605s1980####nyua#####b####100#0#eng#d | ||
| 005 | 20060331194903.0 | ||
| 245 | 0 | 0 | |a Aspects of the kinetics and dynamics of surface reactions (La Jolla Institute-1979) / |c edited by Uzi Landman. |
| 260 | |a New York : |b American Institute of Physics, |c 1980. | ||
| 300 | |a x, 343 p. : |b il. ; |c 25 cm. | ||
| 440 | 0 | |a AIP conference proceedings ; |v no. 61 | |
| 500 | |a "Papers presented at a workshop held at the University of California, San Diego, La Jolla, August 1-4, 1979". | ||
| 500 | |a Se insertó hoja de erratas. | ||
| 504 | |a Incluye referencias bibliográficas. | ||
| 020 | |a 0883181606 | ||
| 700 | 1 | |a Landman, Uzi., |e ed. |4 edt | |
| 710 | 2 | |a La Jolla Institute. | |
| 082 | 0 | 0 | |a 541.3/453 |2 19 |
| 650 | 0 | |a Superficies (Física) |x Congresos. | |
| 650 | 0 | |a Química de superficies |x Congresos. | |
| 650 | 0 | |a Surfaces (Physics) |x Congresses. | |
| 650 | 0 | |a Surface chemistry |x Congresses. | |
| 010 | |a 80068004 | ||
| 040 | |a DLC |c DLC |d DLC | ||
| 859 | |a AR-BbSID |b BIB. PLAPIQUI |h 541.345 3 |i As 63 |p 1287 | ||
